UM Logo

State crime in the global age/ (Record no. 1329)

MARC details
000 -LEADER
fixed length control field 00709nam a22002057a 4500
008 - FIXED-LENGTH DATA ELEMENTS--GENERAL INFORMATION
fixed length control field 160318b xxu||||| |||| 00| 0 eng d
020 ## - INTERNATIONAL STANDARD BOOK NUMBER
International Standard Book Number 978-1-84392-703-7
082 ## - DEWEY DECIMAL CLASSIFICATION NUMBER
Edition number 2010
Classification number DC 364.1
Item number St29
245 ## - TITLE STATEMENT
Title State crime in the global age/
Statement of responsibility, etc. Edited by William J. Chambliss [ and two others].
260 ## - PUBLICATION, DISTRIBUTION, ETC. (IMPRINT)
Place of publication, distribution, etc. UK:
Name of publisher, distributor, etc. Willan Publishing House,
Date of publication, distribution, etc. ©2010.
300 ## - PHYSICAL DESCRIPTION
Extent xiv, 306 pages;
Dimensions 23 cm.
500 ## - GENERAL NOTE
General note Includes bibliographical references and index.
650 #0 - SUBJECT ADDED ENTRY--TOPICAL TERM
9 (RLIN) 3927
Topical term or geographic name as entry element Political crimes and offenses
650 #0 - SUBJECT ADDED ENTRY--TOPICAL TERM
9 (RLIN) 3928
Topical term or geographic name as entry element Political corruption
650 #0 - SUBJECT ADDED ENTRY--TOPICAL TERM
9 (RLIN) 3929
Topical term or geographic name as entry element Political atrocities
700 ## - ADDED ENTRY--PERSONAL NAME
9 (RLIN) 3930
Personal name Michalowski, Raymond
700 ## - ADDED ENTRY--PERSONAL NAME
9 (RLIN) 3931
Personal name Kramer, Ronald C.
365 ## - TRADE PRICE
Price amount 3,455.00
Currency code Php
942 ## - ADDED ENTRY ELEMENTS (KOHA)
Source of classification or shelving scheme Dewey Decimal Classification
Koha item type Circulation
Holdings
Withdrawn status Lost status Source of classification or shelving scheme Damaged status Not for loan Collection code Home library Current library Date acquired Source of acquisition Total Checkouts Full call number Barcode Date last seen Copy number Cost, replacement price Price effective from Koha item type
    Dewey Decimal Classification     Circulation UM Digos College - LIC UM Digos College - LIC 09/24/2010 Purchased   DC 364.1 St29 2010 21309 05/15/2025 1 3455.00 03/18/2016 Circulation